| 000 | 00514nam a22001937a 4500 | ||
|---|---|---|---|
| 005 | 20250903163529.0 | ||
| 008 | 250903b |||||||| |||| 00| 0 eng d | ||
| 037 | _cTB | ||
| 040 |
_aAL _cAL |
||
| 084 | _aO164,1F93,1 L8 | ||
| 100 |
_aShaikh Saadi Shirazi _9820007 |
||
| 245 | _aGulistan | ||
| 260 | _c1978 | ||
| 300 | _a504p | ||
| 650 | _2ENGLISH LITERATURE | ||
| 700 |
_aby; Shaikh Saadi Shirazi _bAuthor _9820008 |
||
| 942 |
_2CC _cMAN _hO164,1F93,1 L8 _n0 |
||
| 999 |
_c1435151 _d1435151 |
||